Loading...
| Science - Chemistry | 0 | 6 | 1 | 1 | 55 | 59 | 96.00 | 0 | 1 | 0.00 | 0.00 |
| Science - Physics | 0 | 6 | 2 | 0 | 50 | 39 | 70.00 | 1 | 5 | 0.00 | 0.00 |
| Literature - World | 0 | 5 | 0 | 0 | 50 | 100 | 114.80 | 0 | 2 | 0.00 | 0.00 |
| Science - Biology | 0 | 4 | 0 | 0 | 40 | 88 | 101.00 | 0 | 3 | 0.00 | 0.00 |
| Literature - European | 0 | 4 | 0 | 1 | 40 | 88 | 123.00 | 0 | 0 | 0.00 | 0.00 |
| Science - Other | 0 | 4 | 2 | 1 | 30 | 56 | 96.50 | 1 | 1 | 0.00 | 0.00 |
| Social Science | 0 | 3 | 0 | 0 | 30 | 83 | 98.67 | 0 | 0 | 0.00 | 0.00 |
| Literature - British | 0 | 3 | 0 | 0 | 30 | 44 | 89.33 | 2 | 2 | 0.00 | 0.00 |
| Fine Arts - Classical Music | 0 | 3 | 1 | 0 | 25 | 101 | 115.67 | 1 | 1 | 0.00 | 0.00 |
| Mythology | 0 | 2 | 0 | 0 | 20 | 112 | 127.50 | 0 | 0 | 0.00 | 0.00 |
| Philosophy | 0 | 3 | 2 | 1 | 20 | 91 | 114.00 | 0 | 0 | 0.00 | 0.00 |
| Pop Culture | 0 | 2 | 0 | 1 | 20 | 45 | 91.00 | 0 | 1 | 0.00 | 0.00 |
| Literature - American | 0 | 3 | 2 | 0 | 20 | 126 | 133.00 | 0 | 0 | 0.00 | 0.00 |
| History - American | 0 | 2 | 0 | 1 | 20 | 129 | 129.50 | 0 | 0 | 0.00 | 0.00 |
| Other Academic | 0 | 2 | 1 | 1 | 15 | 115 | 123.50 | 0 | 0 | 0.00 | 0.00 |
| Fine Arts - Other | 0 | 2 | 2 | 0 | 10 | 49 | 90.00 | 0 | 0 | 0.00 | 0.00 |
| Fine Arts - Painting and Sculpture | 0 | 1 | 0 | 0 | 10 | 81 | 81.00 | 0 | 0 | 0.00 | 0.00 |
| History - World | 0 | 0 | 0 | 0 | 0 | 0.00 | 0 | 0 | 0.00 | 0.00 |